Invincible VS Characters - Statistics

General Stats
  • This quiz has been taken 66 times
    10 since last reset
  • The average score is 14 of 20
Answer Stats
Answer % Correct
Anissa
100%
Atom Eve
100%
Conquest
100%
Dupli-Kate
100%
Invincible
100%
Omni-Man
100%
Robot
100%
Allen
89%
Battle Beast
89%
Rex Splode
89%
Cecil
78%
Immortal
78%
Bulletproof
67%
Lucan
67%
Thula
67%
Monster Girl
56%
Titan
33%
Ella Mental
22%
Powerplex
11%
Universa
0%
No matching quizzes found
Score Distribution
Percent of People with Each Score
Percentile by Number Answered
Your Score History
You have not taken this quiz since the last reset